00337nam a2200121Ia 4500008004100000020001400041050001500055100002300070245004400093260004100137300002400178650001300202150202s9999 xx 000 0 und d a373059442 aFIC bFIC  aMcAllister, Anne.  aCowboy's don't quit /cAnne McAllister. aNew York :bSilhouette Books,c1995. a187 pages :c18 cm. aFiction.